000 00878nam a2200229 i 4500
001 bg
245 0 0 _aKompleksowe wykorzystanie surowców a ochrona środowiska /
_c[kom. org. Zofia Blaschke et al. ; Akademia Górniczo-Hutnicza im. St. Staszica. Wydział Górniczy. Zakład Przeróbki Kopalin, Ochrony Środowiska i Utylizacji Odpadów].
260 _aKraków :
_bUczelniane Wydawnictwa Naukowo-Techniczne,
_c1998.
300 _a112, [1] s. :
_brys., wykr. ;
_c24 cm.
500 _aBibliogr. przy art.
650 9 _aSurowce
_xgórnictwo
650 9 _aŚrodowisko człowieka
_xhigiena i ochrona
700 1 _aBLASCHKE, Zofia
710 0 _aAkademia Górniczo-Hutnicza (Kraków)
_bWydział Górniczy
020 _a8390780682
040 _cBPK
041 0 _apl
080 _a622:504
920 _a83-907806-8-2
942 _cKS
008 s pl f |000 0 pol
999 _c34048
_d34048
856 _uhttp://koha.tu.koszalin.pl/cgi-bin/koha/opac-detail.pl?biblionumber=34048
_yKatalog online BPK